| 000 | 00880nam a2200241Ia 4500 | ||
|---|---|---|---|
| 003 | OSt | ||
| 005 | 20220926015507.0 | ||
| 006 | a|||||r|||| 00| 0 | ||
| 007 | ta | ||
| 008 | 220923b |||||||| |||| 00| 0 eng d | ||
| 020 |
_a9780230292833 _c4421.1099999999997 |
||
| 037 |
_b145/2011-12, 07/03/2012, PIONEER BOOK DISTRIBUTORS _cGeneral Book |
||
| 040 |
_aRTL _cRTL _beng |
||
| 041 |
_2eng _aeng |
||
| 082 | _aX:328:(Y:33), Q2 | ||
| 100 |
_aBonanni Carole _9322494 |
||
| 245 | 0 |
_aSocial responsibility, entrepreneurship and the common good _b International and interdisciplinary perspectives |
|
| 260 |
_aNew York _bPalgrave Macmillan _c2012 |
||
| 300 |
_axiv, 302p _ccm. |
||
| 500 | _aBibliography chapterwise | ||
| 942 |
_hX:328:(Y:33), Q2 _cGB _2CC |
||
| 999 |
_c631750 _d631750 |
||